00738nam a2200169Ia 4500008004100000020001800041050002300059100002800082245017200110260006600282300003300348440002300381521000700404942001200411999001900423952012600442140609s9999 xx 000 0 und d a9780764158636 aNC 755b.M363 2005 aMartin i Roig, Gabriel. aLine and shading in drawing /c[text, Gabriel Martín Roig ; exercises, Marta Bru ... [et al.] ; photography, Nos & Soto ; English translation by Marcela Estibill] aHauppauge, NY :bBarron's Educational Series, Inc., cc2005. a95 p. :bcol. ill. ;c27 cm. a(Drawing Academy). aMA kFORcBK c118278d118278 001040aCLbCLcGCd2014-06-09g655.21l2m0oNC 755 .M363 2005pC16731r2018-05-15 00:00:00s2014-08-26w2014-06-09yBK